Power system analysis (Record no. 1347)

000 -LEADER
fixed length control field 00590nam a2200229 a 4500
001 - CONTROL NUMBER
control field 1347
003 - CONTROL NUMBER IDENTIFIER
control field BD-DhUET
008 - FIXED-LENGTH DATA ELEMENTS--GENERAL INFORMATION
fixed length control field 931008s1994 nyua 001 0 eng
020 ## - INTERNATIONAL STANDARD BOOK NUMBER
International Standard Book Number 0070585156
020 ## - INTERNATIONAL STANDARD BOOK NUMBER
International Standard Book Number 0071133380
040 ## - CATALOGING SOURCE
Original cataloging agency DLC
Transcribing agency DLC
Modifying agency BD-DhUET
082 00 - DEWEY DECIMAL CLASSIFICATION NUMBER
Classification number 623.19
Item number GRA/1994
100 1# - MAIN ENTRY--PERSONAL NAME
Personal name Grainger, John J.
245 10 - TITLE STATEMENT
Title Power system analysis
250 ## - EDITION STATEMENT
Edition statement 1st ed.
260 ## - PUBLICATION, DISTRIBUTION, ETC. (IMPRINT)
Place of publication, distribution, etc. New York
Name of publisher, distributor, etc. McGraw-Hill
Date of publication, distribution, etc. 1994
300 ## - PHYSICAL DESCRIPTION
Extent xix, 787 p.
Other physical details ill.
504 ## - BIBLIOGRAPHY, ETC. NOTE
Bibliography, etc Includes bibliographies
650 #0 - SUBJECT ADDED ENTRY--TOPICAL TERM
Topical term or geographic name as entry element Electric power systems-Management
700 1# - ADDED ENTRY--PERSONAL NAME
Personal name Stevenson, William D.
942 ## - ADDED ENTRY ELEMENTS (KOHA)
Koha item type General Book
Holdings
Lost status Koha renewals Sublocation or collection (holding branch) Shelving location Koha normalized classification for sorting Koha item type Source of classification or shelving scheme Withdrawn status Date acquired Copy number Not for loan Koha issues (times borrowed) Koha date last seen Location (home branch) Piece designation (barcode) Koha full call number Koha out on loan Koha date last borrowed Price effective from Damaged status
  Central Library, BUETCirculation section623_000000000000000_19GRA1994General Book  2014-09-031 52024-06-01Central Library, BUET103960623.19/GRA/1994 2024-03-042014-09-03 
  Central Library, BUETCirculation section623_000000000000000_19GRA1994General Book  2014-09-032 12020-01-14Central Library, BUET103961623.19/GRA/1994 2019-05-062014-09-03 
 1Central Library, BUETCirculation section623_000000000000000_19GRA1994General Book  2014-09-033 32025-11-03Central Library, BUET103962623.19/GRA/1994 2025-07-132014-09-03 
  Central Library, BUETCirculation section623_000000000000000_19GRA1994General Book  2014-09-034 12025-04-22Central Library, BUET103963623.19/GRA/1994 2019-10-212014-09-03 
  Central Library, BUETCirculation section623_000000000000000_19GRA1994General Book  2014-09-035 12023-11-27Central Library, BUET103964623.19/GRA/19942023-12-112023-11-272014-09-03 
  Central Library, BUETCirculation section623_000000000000000_19GRA1994General Book  2014-09-036  2016-01-26Central Library, BUET103965623.19/GRA/1994  2014-09-03 
 2Central Library, BUETCirculation section623_000000000000000_19GRA1994General Book  2014-09-037 12021-12-13Central Library, BUET103966623.19/GRA/1994 2021-02-132014-09-03 
  Central Library, BUETCirculation section623_000000000000000_19GRA1994General Book  2014-09-038 22022-02-06Central Library, BUET103967623.19/GRA/19942023-02-062022-02-062014-09-03 
  Central Library, BUETCirculation section623_000000000000000_19GRA1994General Book  2014-09-039 52025-05-03Central Library, BUET103968623.19/GRA/19942025-05-172025-05-032014-09-03 
  Central Library, BUETReading section623_190000000000000_GRA_1994Reading Item  2015-06-2110  2015-06-21Central Library, BUET89529623.19/GRA/1994  2015-06-21 
  Central Library, BUETReading section623_190000000000000_GRA_1994Reading Item  2015-06-2111  2015-06-21Central Library, BUET91138623.19/GRA/1994  2015-06-21 
  Central Library, BUETReading section623_190000000000000_GRA_1994Reading Item  2015-07-0212  2015-07-02Central Library, BUET90777623.19/GRA/1994  2015-07-02